01354nam a2200217 a 4500041000800000110003000008245018700038260005300225300001000278505001900288505002000307505005600327505009700383520051400480650001900994650001801013650001801031650003901049650000801088662004001096 aspa bCorporación Serraniagua aEstablecimiento y evaluación de herramientas de manejo del paisaje desde la reconversión productiva de paisajes andinos - paisaje rural cafetero del municipio de El Cairo (Valle) aBogotábInstituto Alexander von Humboldtc2005 a p. aIntroducción aArea de estudio aConcertación de herramientas con los propietarios aPlanes de manejo: metodología, Reserva Natural la Argentina, Reserva Natural Buena Vista,  aPor medio de la implementación de herramientas de manejo del paisaje en esta zona, se incrementa el área de conservación y la articulación entre remanentes de vegetación natural mediante el enriquecimuiento de los sistemas productivos con especies forestales nativas que sirven de alimento y hábitat a la fauna y contribuyendo a la estrategia regional de conectividad en el corredor biológico Serranía de los Paraguas-Parque Nacional Natural Tatamá liderado por la Corporación Sarraniagua. aConservación aBiodiversidad aPaisaje rural aHerramientas de manejo del paisaje aHMP aColombiadEl CairobValle del Cauca